000 01350nam a2200337 a 4500
001 ebr10681189
003 CaPaEBR
006 m u
007 cr cn|||||||||
008 120222s2012 nyuad sb 001 0 eng d
010 _z 2011053523
020 _z9781619429154 (soft cover)
020 _z9781619429161 (e-book)
040 _aCaPaEBR
_cCaPaEBR
035 _a(OCoLC)831625431
050 1 4 _aQD281.P6
_bN443 2012eb
082 0 4 _a547/.7
_223
245 0 0 _aNew developments in polymers research
_h[electronic resource] /
_cEvan O. Bradley and Michelle I. Lane, editors.
260 _aHauppauge, N.Y. :
_bNova Science Publishers,
_c2012.
300 _aviii, 117 p. :
_bill.
490 1 _aPolymer science and technology
504 _aIncludes bibliographical references and index.
533 _aElectronic reproduction.
_bPalo Alto, Calif. :
_cebrary,
_d2013.
_nAvailable via World Wide Web.
_nAccess may be limited to ebrary affiliated libraries.
650 0 _aPolymers
_xResearch.
655 7 _aElectronic books.
_2local
700 1 _aBradley, Evan O.
700 1 _aLane, Michelle I.
710 2 _aebrary, Inc.
830 0 _aPolymer science and technology series (Nova Science Publishers)
856 4 0 _uhttp://site.ebrary.com/lib/rucke/Doc?id=10681189
_zAn electronic book accessible through the World Wide Web; click to view
999 _c158937
_d158937